[Event "MVP-ch Seniors op 19th"]
[Site "Ostseebad Binz"]
[Date "2019.12.02"]
[Round "6"]
[White "Giering, Gregor"]
[Black "Schwenke, Norbert"]
[Result "1/2-1/2"]
[WhiteElo "1791"]
[BlackElo "1530"]
[PlyCount "35"]
[EventDate "2019.11.27"]
[EventType "swiss"]
[EventRounds "9"]
[EventCountry "GER"]
[SourceTitle "EXT 2021"]
[Source "ChessBase"]
[SourceDate "2020.10.23"]
[SourceVersion "1"]
[SourceVersionDate "2020.10.23"]
[SourceQuality "1"]

1. b3 c5 2. Bb2 e6 3. e3 a6 4. Nf3 Nc6 5. Be2 Nf6 6. 0-0 d5 7. d3 Be7 8. Nbd2 Bd7 9. Rc1 Rc8 10. c4 0-0 11. Ne5 Na7 12. f4 Be8 13. Ndf3 b5 14. cxb5 axb5 15. h3 Qb6 16. Kh1 Nh5 17. Kh2 f6 18. Ng4 1/2-1/2

[Event "Rheinland Pfalz op Seniors 16th"]
[Site "Neustadt an der Weinstrasse"]
[Date "2018.07.15"]
[Round "9"]
[White "Schwenke, Norbert"]
[Black "Laubis, Roland"]
[Result "0-1"]
[WhiteElo "1597"]
[BlackElo "1765"]
[PlyCount "80"]
[EventDate "2018.07.07"]
[EventType "swiss"]
[EventRounds "9"]
[EventCountry "GER"]
[SourceTitle "EXT 2019"]
[Source "ChessBase"]
[SourceDate "2018.10.10"]
[SourceVersion "1"]
[SourceVersionDate "2018.10.10"]
[SourceQuality "1"]

1. Nc3 d5 2. d4 Nf6 3. g3 Bf5 4. Bg2 e6 5. a3 Nbd7 6. Bf4 c6 7. Nf3 h6 8. 0-0 Nb6 9. Ne5 Bd6 10. Qc1 Qc7 11. Re1 g5 12. Bd2 Bxe5 13. dxe5 Qxe5 14. Bf4 gxf4 15. gxf4 Qc7 16. Qd2 0-0-0 17. Qd4 Nh5 18. e3 Rhg8 19. Re2 c5 20. Qd2 Nc4 21. Qc1 a6 22. b3 Nd6 23. f3 Rg7 24. Qe1 Rdg8 25. Qh4 Nf6 26. Kh1 Nfe8 27. Rf2 Qd8 28. Qxh6 Rh7 29. Qxh7 Bxh7 30. Bh3 Qh4 31. Nxd5 Qxf2 32. Ne7+ Kd8 33. Nxg8 Bxg8 34. Rg1 Qxf3+ 35. Bg2 Qh5 36. Bf1 Bh7 37. Rg5 Be4+ 38. Kg1 Qf3 39. Bg2 Qxe3+ 40. Kf1 Qxf4+ 0-1

[Event "Rheinland Pfalz op Seniors 15th"]
[Site "Neustadt an der Weinstrasse"]
[Date "2017.07.18"]
[Round "4"]
[White "Schwenke, Norbert"]
[Black "Hauck, Bernd"]
[Result "1/2-1/2"]
[WhiteElo "1542"]
[BlackElo "1713"]
[PlyCount "151"]
[EventDate "2017.07.15"]
[EventType "swiss"]
[EventRounds "9"]
[EventCountry "GER"]
[SourceTitle "EXT 2018"]
[Source "ChessBase"]
[SourceDate "2017.10.13"]
[SourceVersion "1"]
[SourceVersionDate "2017.10.13"]
[SourceQuality "1"]

1. f4 d5 2. g3 g6 3. Bg2 Bg7 4. Nf3 Nf6 5. d3 0-0 6. 0-0 c5 7. Nbd2 Qb6 8. c4 Nc6 9. Qb3 Rd8 10. Qxb6 axb6 11. a3 Ng4 12. Nb3 d4 13. Nh4 Ne3 14. Bxe3 dxe3 15. Rab1 Bg4 16. Nf3 Na5 17. Na1 Bf5 18. Ne1 Nxc4 19. Nec2 Nd2 20. Nxe3 Bd4 21. Nac2 Nxf1 22. Kxf1 Bxe3 23. Nxe3 Be6 24. Bxb7 Ra7 25. Bf3 h5 26. Kf2 Bb3 27. h4 e6 28. Rg1 b5 29. g4 hxg4 30. Nxg4 Kg7 31. Ne5 Rh8 32. h5 Rh6 33. hxg6 fxg6 34. Be4 Kh8 35. Nxg6+ Kg7 36. Ne5+ Kf8 37. Ke3 Rg7 38. Ng6+ Ke8 39. Kd2 Rh2 40. Rg5 Bd5 41. Bxd5 exd5 42. Re5+ Kf7 43. Ne7 d4 44. Nd5 Rh4 45. Nc7 Rxf4 46. Nxb5 Rg1 47. Rxc5 Rff1 48. Nxd4 Rd1+ 49. Ke3 Rb1 50. Rc2 Rh1 51. Kd2 Ra1 52. Nb3 Rag1 53. a4 Ke7 54. a5 Rh6 55. Nd4 Ra6 56. b4 Rb1 57. Rc4 Kd7 58. Kc2 Rh1 59. Nb3 Kd8 60. b5 Rd6 61. a6 Re6 62. Nd4 Rb6 63. e4 Ra1 64. Rc5 Kd7 65. Nb3 Ra4 66. Kc3 Rh6 67. Rc4 Ra2 68. Nd4 Rb6 69. Rc6 Ra3+ 70. Kb4 Raxa6 71. Rxb6 Rxb6 72. Kc5 Kc7 73. Nc2 Rh6 74. d4 Rh3 75. Nb4 Rc3+ 76. Kd5 1/2-1/2

[Event "MVP-ch Seniors op 16th"]
[Site "Binz"]
[Date "2016.11.24"]
[Round "2.65"]
[White "Wagner, Richard1111"]
[Black "Schwenke, Norbert"]
[Result "1-0"]
[WhiteElo "1846"]
[BlackElo "1631"]
[PlyCount "27"]
[EventDate "2016.11.23"]
[EventType "swiss"]
[EventRounds "9"]
[EventCountry "GER"]
[SourceTitle "EXT 2018"]
[Source "ChessBase"]
[SourceDate "2017.10.13"]
[SourceVersion "1"]
[SourceVersionDate "2017.10.13"]
[SourceQuality "1"]

1. e4 d5 2. exd5 Nf6 3. d4 e6 4. Bb5+ Bd7 5. Qe2 Nxd5 6. Nf3 c6 7. Bd3 Be7 8. Ne5 Nf6 9. 0-0 Qc7 10. Nc3 Qd6 11. Be3 a6 12. Ne4 Nxe4 13. Bxe4 f5 14. Qh5+ 1-0

[Event "MVP-ch Seniors op 15th"]
[Site "Binz"]
[Date "2015.11.30"]
[Round "7.81"]
[White "Geibel, Henning"]
[Black "Schwenke, Norbert"]
[Result "0-1"]
[WhiteElo "1192"]
[BlackElo "1639"]
[PlyCount "118"]
[EventDate "2015.11.24"]
[EventType "swiss"]
[EventRounds "9"]
[EventCountry "GER"]
[SourceTitle "EXT 2017"]
[Source "ChessBase"]
[SourceDate "2016.10.25"]
[SourceVersion "1"]
[SourceVersionDate "2016.10.25"]
[SourceQuality "1"]

1. e4 d5 2. d3 dxe4 3. dxe4 Qxd1+ 4. Kxd1 a6 5. Nc3 Nc6 6. Bf4 e5 7. Bg3 Be6 8. Nd5 0-0-0 9. c4 Nf6 10. f3 Bc5 11. Kc2 Nd4+ 12. Kd3 Nc6 13. Ne2 Ne8 14. a3 f6 15. b4 Ba7 16. f4 Rf8 17. Nec3 exf4 18. Bxf4 g5 19. Be3 Ne5+ 20. Kc2 Bxe3 21. Nxe3 Rd4 22. Rd1 Rxd1 23. Ncxd1 Nd6 24. c5 Nxe4 25. Bd3 f5 26. h3 Rd8 27. Bxe4 fxe4 28. Nc3 Rd3 29. Ned1 Rd4 30. Re1 Bf5 31. Ne3 Bg6 32. Ncd5 Kd7 33. Kc3 Rd3+ 34. Kb2 Nc6 35. Rd1 Ne5 36. Rxd3 exd3 37. Kc3 c6 38. Nb6+ Ke6 39. Nbc4 h5 40. Kd2 Be4 41. Nxe5 Kxe5 42. g3 Kd4 43. h4 g4 44. a4 a5 45. bxa5 Kxc5 46. Kc3 Bg6 47. Nc4 Kd5 48. Nd2 c5 49. Nc4 Be4 50. Nb2 Bg6 51. Nxd3 Bxd3 52. Kxd3 c4+ 53. Kc3 Kc5 54. Kc2 Kb4 55. Kb2 c3+ 56. Kc2 Kc4 57. a6 bxa6 58. a5 Kb4 59. Kd3 Kb3 0-1

[Event "Hessen-ch Seniors op 11th"]
[Site "Bad Sooden-Allendorf"]
[Date "2015.05.12"]
[Round "4"]
[White "Pastowski, Werner"]
[Black "Schwenke, Norbert"]
[Result "0-1"]
[WhiteElo "1741"]
[BlackElo "1648"]
[PlyCount "86"]
[EventDate "2015.05.09"]
[EventType "swiss"]
[EventRounds "9"]
[EventCountry "GER"]
[SourceTitle "EXT 2018"]
[Source "ChessBase"]
[SourceDate "2017.10.13"]
[SourceVersion "1"]
[SourceVersionDate "2017.10.13"]
[SourceQuality "1"]

1. d4 Nf6 2. Nf3 e6 3. Bg5 Be7 4. e3 c6 5. Bd3 d5 6. 0-0 Nbd7 7. Nbd2 Qc7 8. c4 b6 9. Rc1 Ba6 10. Qc2 Bd6 11. Bxf6 Nxf6 12. c5 Bxd3 13. Qxd3 bxc5 14. dxc5 Be5 15. Nxe5 Qxe5 16. Qd4 Qxd4 17. exd4 Rb8 18. b3 Rb4 19. Nf3 0-0 20. Rfe1 Rfb8 21. Red1 Nd7 22. Rd3 h6 23. Kf1 a5 24. Rcc3 a4 25. Ke2 g5 26. g4 Kg7 27. h3 f6 28. Re3 Nf8 29. Kd2 Kf7 30. Kc2 Ng6 31. a3 axb3+ 32. Rxb3 Rc4+ 33. Rec3 Rxb3 34. Kxb3 Rxc3+ 35. Kxc3 Nf4 36. Ng1 e5 37. a4 Ne6 38. Ne2 Nc7 39. Kb4 Ke6 40. Ka5 Kd7 41. Kb6 Ne6 42. Kb7 exd4 43. Nxd4 Nxd4 0-1

[Event "Hessen-ch Seniors op 11th"]
[Site "Bad Sooden-Allendorf"]
[Date "2015.05.10"]
[Round "2"]
[White "Scholz, Herbert"]
[Black "Schwenke, Norbert"]
[Result "1-0"]
[WhiteElo "1845"]
[BlackElo "1648"]
[PlyCount "73"]
[EventDate "2015.05.09"]
[EventType "swiss"]
[EventRounds "9"]
[EventCountry "GER"]
[SourceTitle "EXT 2018"]
[Source "ChessBase"]
[SourceDate "2017.10.13"]
[SourceVersion "1"]
[SourceVersionDate "2017.10.13"]
[SourceQuality "1"]

1. b3 b6 2. Bb2 Bb7 3. e3 e6 4. Nf3 Nc6 5. c4 Nge7 6. Nc3 Ng6 7. h4 Nge5 8. d4 Nxf3+ 9. gxf3 Be7 10. h5 Bh4 11. d5 Nb4 12. a3 Na6 13. Ne4 Bf6 14. Nxf6+ gxf6 15. Rg1 d6 16. Bh3 Qe7 17. Rg7 Nc5 18. a4 Bc8 19. b4 Nb7 20. Qd3 Bd7 21. Kd2 0-0-0 22. h6 Rdf8 23. Rag1 Nd8 24. Rxh7 Rxh7 25. Qxh7 f5 26. Qg7 e5 27. h7 Qe8 28. c5 Kb8 29. cxd6 cxd6 30. Qf6 Nb7 31. Bxf5 Bxa4 32. Rc1 Qb5 33. h8Q Qxd5+ 34. Bd3 Nc5 35. Qxf8+ Kc7 36. bxc5 bxc5 37. Q8xf7+ 1-0

[Event "Hessen-ch Seniors op 11th"]
[Site "Bad Sooden-Allendorf"]
[Date "2015.05.09"]
[Round "1"]
[White "Schwenke, Norbert"]
[Black "Reimann, Guenther"]
[Result "0-1"]
[WhiteElo "1648"]
[BlackElo "1954"]
[PlyCount "118"]
[EventDate "2015.05.09"]
[EventType "swiss"]
[EventRounds "9"]
[EventCountry "GER"]
[SourceTitle "EXT 2018"]
[Source "ChessBase"]
[SourceDate "2017.10.13"]
[SourceVersion "1"]
[SourceVersionDate "2017.10.13"]
[SourceQuality "1"]

1. Nc3 e6 2. e4 d5 3. Nf3 Nf6 4. e5 Nfd7 5. d4 c5 6. Be3 cxd4 7. Bxd4 Nc6 8. Bb5 a6 9. Be2 Nxd4 10. Qxd4 Bc5 11. Qf4 0-0 12. 0-0 f6 13. exf6 Nxf6 14. Bd3 Bd6 15. Qh4 Be7 16. Ng5 h6 17. Nf3 Qe8 18. Ne5 Nd7 19. Qg3 Nxe5 20. Qxe5 Bf6 21. Qg3 Bxc3 22. bxc3 b5 23. Bg6 Qe7 24. Qd3 Bd7 25. Rae1 Qf6 26. Re3 Rac8 27. Rf3 Qe7 28. Rg3 Rf6 29. Qd4 Be8 30. Bd3 Kh8 31. Re1 Qc5 32. Rge3 Bf7 33. Be2 Qxd4 34. cxd4 Rxc2 35. Ra3 Rc6 36. g3 g5 37. Kg2 Bg6 38. h3 Kg7 39. g4 Bc2 40. Bf3 Ba4 41. Rae3 Kf7 42. Kg3 Rf4 43. Rd3 Rc4 44. Rde3 Rf6 45. Rd3 b4 46. Re5 Rc3 47. Rde3 Rxe3 48. fxe3 Bb5 49. h4 gxh4+ 50. Kf2 Bc4 51. Rh5 Bxa2 52. Rxh4 b3 53. Kg2 b2 54. g5 hxg5 55. Rh7+ Kg8 56. Ra7 b1Q 57. Ra8+ Kg7 58. Ra7+ Kg6 59. Rxa6 Bc4 0-1

[Event "MVP-ch Seniors op 14th"]
[Site "Binz"]
[Date "2014.12.01"]
[Round "7"]
[White "Narr, Irmgard"]
[Black "Schwenke, Norbert"]
[Result "1-0"]
[WhiteElo "1581"]
[BlackElo "1410"]
[PlyCount "89"]
[EventDate "2014.11.25"]
[EventType "swiss"]
[EventRounds "9"]
[EventCountry "GER"]
[SourceTitle "EXT 2016"]
[Source "ChessBase"]
[SourceDate "2015.10.08"]
[SourceVersion "1"]
[SourceVersionDate "2015.10.08"]
[SourceQuality "1"]

1. e4 d5 2. exd5 Nf6 3. Nc3 a6 4. Nf3 e6 5. dxe6 Bxe6 6. Be2 Bb4 7. 0-0 0-0 8. b3 Nc6 9. Bb2 Bd6 10. d3 Ne7 11. Ne4 Nxe4 12. dxe4 Nc6 13. Bd3 Bg4 14. Be2 Qe7 15. Qd3 Rad8 16. Qe3 Rfe8 17. Bd3 Bxf3 18. Qxf3 Ne5 19. Bxe5 Bxe5 20. Rad1 Rd6 21. g3 Rf6 22. Qe3 b5 23. Qd2 Rd6 24. Qe2 Qg5 25. Kg2 Bd4 26. f4 Qc5 27. Qf3 Rf6 28. h3 Qd6 29. Qg4 Rg6 30. Qf3 Rf6 31. Kh2 Qd7 32. Qg2 c5 33. e5 Rh6 34. c3 Rxh3+ 35. Qxh3 Qxh3+ 36. Kxh3 Bxc3 37. Be4 f6 38. Bd5+ Kf8 39. exf6 Bxf6 40. Rde1 Rd8 41. Be6 Rd2 42. f5 b4 43. Bc4 Rxa2 44. Re6 a5 45. Rfe1 1-0

[Event "MVP-ch Seniors op 14th"]
[Site "Binz"]
[Date "2014.11.29"]
[Round "5"]
[White "Geibel, Henning"]
[Black "Schwenke, Norbert"]
[Result "0-1"]
[WhiteElo "1110"]
[BlackElo "1410"]
[PlyCount "54"]
[EventDate "2014.11.25"]
[EventType "swiss"]
[EventRounds "9"]
[EventCountry "GER"]
[SourceTitle "EXT 2016"]
[Source "ChessBase"]
[SourceDate "2015.10.08"]
[SourceVersion "1"]
[SourceVersionDate "2015.10.08"]
[SourceQuality "1"]

1. e4 d5 2. e5 e6 3. d4 c5 4. Nf3 Bd7 5. c4 Nc6 6. cxd5 exd5 7. Nc3 Bg4 8. Bf4 cxd4 9. Ne2 Bb4+ 10. Nd2 d3 11. h3 dxe2 12. Bxe2 Bxe2 13. Qxe2 Nge7 14. 0-0 0-0 15. e6 Ng6 16. exf7+ Rxf7 17. Bg3 Qg5 18. Nf3 Qf6 19. a3 Bd6 20. Bxd6 Qxd6 21. Ng5 Re7 22. Qh5 h6 23. Nf3 Nf4 24. Qf5 Rf8 25. Qc2 Re2 26. Qc3 Re6 27. b4 Ne2+ 0-1

[Event "Hessen-ch Seniors op 10th"]
[Site "Bad Sooden-Allendorf"]
[Date "2014.04.30"]
[Round "5"]
[White "Schwenke, Norbert"]
[Black "Fleischer, Martin"]
[Result "0-1"]
[WhiteElo "1644"]
[BlackElo "1933"]
[PlyCount "85"]
[EventDate "2014.04.26"]
[EventType "swiss"]
[EventRounds "9"]
[EventCountry "GER"]
[SourceTitle "EXT 2018"]
[Source "ChessBase"]
[SourceDate "2017.10.13"]
[SourceVersion "1"]
[SourceVersionDate "2017.10.13"]
[SourceQuality "1"]

1. Nc3 d5 2. e4 c6 3. d4 dxe4 4. Nxe4 Nd7 5. Nf3 h6 6. Bd3 Ngf6 7. Ng3 e6 8. 0-0 Bd6 9. Ne4 Nxe4 10. Bxe4 Nf6 11. Qd3 Qc7 12. h3 b6 13. c4 Ba6 14. b3 Rd8 15. Re1 0-0 16. g4 Nd5 17. Ne5 Kh8 18. Qg3 Ne7 19. Bf4 g5 20. Be3 f6 21. c5 bxc5 22. dxc5 Bxe5 23. f4 Bxf4 24. Bxf4 Qxf4 25. Qxf4 gxf4 26. Bf3 e5 27. Re4 Rd3 28. Kf2 Rd2+ 29. Ke1 Rfd8 30. Ra4 Bc8 31. Rxa7 R2d7 32. Ra4 Kg7 33. Be4 Rd4 34. Rc4 Be6 35. Rxd4 Rxd4 36. Bf3 Bd5 37. Be2 f5 38. Kf2 Kf6 39. Rc1 Rd2 40. a4 f3 41. Re1 fxe2 42. Rxe2 Rxe2+ 43. Kxe2 0-1

[Event "MVP-ch Seniors op 13th"]
[Site "Binz"]
[Date "2013.11.27"]
[Round "1"]
[White "Schwenke, Norbert"]
[Black "Kuehn, Peter1111"]
[Result "0-1"]
[WhiteElo "1405"]
[BlackElo "1787"]
[PlyCount "76"]
[EventDate "2013.11.27"]
[EventType "swiss"]
[EventRounds "9"]
[EventCountry "GER"]
[SourceTitle "EXT 2015"]
[Source "ChessBase"]
[SourceDate "2014.11.20"]
[SourceVersion "1"]
[SourceVersionDate "2014.11.20"]
[SourceQuality "1"]

1. Nc3 c5 2. e4 Nc6 3. f4 d6 4. Bc4 g6 5. Nf3 Bg7 6. Ng5 e6 7. Ne2 d5 8. exd5 exd5 9. Bb5 h6 10. Nf3 Qc7 11. c3 Bd7 12. 0-0 Nge7 13. a3 0-0-0 14. b4 c4 15. Ba4 Qb6+ 16. Kh1 Bg4 17. Qe1 Bxf3 18. Rxf3 Nf5 19. Bxc6 Qxc6 20. Qf2 d4 21. Bb2 d3 22. Ng1 Kb8 23. a4 Rhe8 24. b5 Qb6 25. Qxb6 axb6 26. Rff1 Re4 27. a5 bxa5 28. Rxa5 Kc7 29. g3 Rde8 30. Nf3 Re2 31. Ba3 Kb6 32. Bb4 g5 33. fxg5 hxg5 34. Ra2 g4 35. Ng1 Nxg3+ 36. hxg3 Rh8+ 37. Nh3 Rxh3+ 38. Kg1 Rxg3+ 0-1